| 000 | 02306nam a2200445 i 4500 | ||
|---|---|---|---|
| 001 | 193091 | ||
| 003 | SpMaBN | ||
| 005 | 20250720091905.0 | ||
| 007 | ta | ||
| 008 | 230727s2014 sp a 000 pdspa | ||
| 015 | _aMON14 | ||
| 017 |
_aM 17031-2014 _bOficina Depósito Legal Madrid |
||
| 020 | _a9788416149421 | ||
| 035 | _a(OCoLC)982077042 | ||
| 035 | _aa5925615 | ||
| 040 |
_aSpMaBN _bspa _cSpMaBN _erdc _dES-MaACL |
||
| 080 | _a821.134.2-14"19" | ||
| 080 | _a316.367.7(55)(0:82) | ||
| 100 | 1 |
_aLucía Megías, José Manuel, _d1967- _0XX1067264 _eaut _9240291 |
|
| 245 | 1 | 0 |
_aY se llamaban Mahmud y Ayaz : _b(seis voces en el silencio) / _cJosé Manuel Lucía Megías |
| 250 | _a3ª ed. corregida | ||
| 260 |
_aColmenar Viejo (Madrid) : _bAmargord, _c2014 |
||
| 300 |
_a93 p. : _bil. ; _c21 cm |
||
| 336 |
_aTexto (visual) _2isbdcontent |
||
| 337 |
_asin mediación _2isbdmedia |
||
| 338 |
_2rdacarrier _avolumen |
||
| 490 | 1 |
_aColección Transatlántica. Portbou ; _v7 |
|
| 520 | _aEn la poesía íntima que alimenta esta obra está presente, junto a la celebración amorosa, la denuncia del caso real de dos jóvenes amantes iraníes, Mahmud y Ayaz, a quienes la cruel ceguera de una sentencia injusta llevó al abismo de la muerte, cuando el único delito que cometieron en su breve existencia fue amarse con una devoción sin límites. Voces en el silencio trata de esas voces que fueron silenciadas y que, pugnando por abrirse paso, se han ido convirtiendo en un clamor que pide libertad y que demanda igualdad ante la ley y respeto por la diferencia en la parte del mundo que niega esos derechos fundamentales. | ||
| 650 | 0 |
_aHomosexualidad- _vPoesías _9233928 |
|
| 655 | 7 |
_aPoesías sociales _2tgfbne _9233929 |
|
| 655 | 7 |
_aPoesías _2tgfbne _9176539 |
|
| 830 |
_aColección Transatlántica. _pPortbou _9233930 |
||
| 852 |
_aEs-MaACL _bR. 154557 _cDEPOJ _jN-9083 _gFirmado, dedicado e ilustrado por el autor _hDonación: José Manuel Lucía Megías _xRústica _9200399 |
||
| 903 |
_aLucía Megías, José Manuel, _d1967- _ednr _9240291 |
||
| 942 |
_n0 _cMONOGRAFIA |
||
| 999 |
_c193091 _d193091 |
||